Flags of the Canary Islands - Statistics

General Stats
  • This quiz has been taken 121 times
  • The average score is 5 of 7
Answer Stats
Picture Answer % Correct
Tenerife
93%
Gran Canaria
80%
Lanzarote
80%
La Gomera
75%
El Hierro
72%
Fuerteventura
72%
La Palma
72%
No matching quizzes found
Score Distribution
Percent of People with Each Score
Percentile by Number Answered
Your Score History
You have not taken this quiz